000
00317nam a22001457a 4500
008
221216b ||||| |||| 00| 0 eng d
020
_a
2901284044798
041
_a
eng
080
_a
615
082
_a
615SMI
100
_a
13
101
_a
FARMA
245
_a
PHARMACOLOGY FOR NURSES
_c
SMITH T.B
942
_2
udc
_c
BK
999
_c
59199
_d
59199